| 000 | 00801caa a22001812a 4500 | ||
|---|---|---|---|
| 001 | 005237 | ||
| 003 | AR-FADEU | ||
| 008 | 311216n########xxu####################dd | ||
| 092 |
_a401.574 _bB615 |
||
| 100 | _aNelson, Katherine | ||
| 245 | _aConcepts and meaning in language development | ||
| 300 | _aPP. 89-116 | ||
| 500 | _aEn: Biological and behavioral determinants of language development /ed. Norman A. Krasnegor. Hillsdale : Lawrence Erlbaum, 1991 | ||
| 546 | _aInglés | ||
| 942 | _cBDGR | ||
| 773 | 0 |
_011055 _99867 _a _b _dHillsdale _o02971 _tBIOLOGICAL and behavioral determinants of language development _w( AR-FADEU) 005233 _x _z0-8058-0993-7 |
|
| 773 | 0 |
_011055 _99868 _a _b _dHillsdale _o03495 _tBIOLOGICAL and behavioral determinants of language development _w( AR-FADEU) 005233 _x _z0-8058-0993-7 |
|
| 999 |
_c11059 _d11059 |
||